[Event "POL-chT 2nd League"]
[Site "Jastrzebia Gora"]
[Date "2023.09.07"]
[Round "6.11"]
[White "Lonski, Aleksander"]
[Black "Powalka, Michal"]
[Result "1-0"]
[WhiteElo "1805"]
[BlackElo "1943"]
[PlyCount "93"]
[EventDate "2023.09.02"]
[EventType "team-swiss"]
[EventRounds "9"]
[EventCountry "POL"]
[SourceTitle "EXT 2024"]
[Source "ChessBase"]
[SourceDate "2023.10.10"]
[SourceVersion "1"]
[SourceVersionDate "2023.10.10"]
[SourceQuality "1"]
[WhiteTeam "Koszalin Hetman Politechnika"]
[BlackTeam "Bialoleka Sparta"]
[WhiteTeamCountry "POL"]
[BlackTeamCountry "POL"]

1. e4 e5 2. Nf3 Nc6 3. Bb5 a6 4. Bxc6 dxc6 5. 0-0 Bd6 6. d4 exd4 7. Qxd4 f6 8. Re1 Ne7 9. Be3 Ng6 10. Nbd2 0-0 11. Nc4 Bg4 12. e5 Bxf3 13. exd6 Bd5 14. Bf4 Nxf4 15. Qxf4 Bxc4 16. Qxc4+ Kh8 17. Re7 Qxd6 18. Rae1 Rad8 19. Qg4 Rg8 20. h3 h6 21. Rf7 Qd4 22. Qxd4 Rxd4 23. Rxc7 Rd2 24. Rxb7 Rxc2 25. Ree7 Kh7 26. a4 Kg6 27. b4 Ra2 28. a5 c5 29. bxc5 Rxa5 30. Rec7 Kf5 31. Ra7 g5 32. Rc6 g4 33. hxg4+ Rxg4 34. Raxa6 Rxa6 35. Rxa6 Rc4 36. Rc6 Ke5 37. f3 Rc2 38. Kh2 h5 39. Rc8 Kd5 40. Rh8 Ke5 41. Rxh5+ f5 42. Kg3 Rxc5 43. Rh8 Rc2 44. Kh3 Rc1 45. Rf8 Rc3 46. Kh4 Rc1 47. Kg5 1-0

[Event "POL-chT 2nd League"]
[Site "Jastrzebia Gora"]
[Date "2023.09.03"]
[Round "2.11"]
[White "Lonski, Aleksander"]
[Black "Walaszczyk, Witold"]
[Result "1-0"]
[WhiteElo "1805"]
[BlackElo "1945"]
[PlyCount "43"]
[EventDate "2023.09.02"]
[EventType "team-swiss"]
[EventRounds "9"]
[EventCountry "POL"]
[SourceTitle "EXT 2024"]
[Source "ChessBase"]
[SourceDate "2023.10.10"]
[SourceVersion "1"]
[SourceVersionDate "2023.10.10"]
[SourceQuality "1"]
[WhiteTeam "Koszalin Hetman Politechnika"]
[BlackTeam "Konin Hetman"]
[WhiteTeamCountry "POL"]
[BlackTeamCountry "POL"]

1. e4 c5 2. Nf3 g6 3. d4 cxd4 4. Qxd4 Nf6 5. Nc3 Nc6 6. Qa4 d6 7. e5 dxe5 8. Nxe5 Qd4 9. Nxc6 Qxa4 10. Nxa4 bxc6 11. Be2 Bg7 12. Bf3 Nd5 13. 0-0 0-0 14. c4 Nb4 15. Be3 Be6 16. Bc5 Nc2 17. Rac1 Nd4 18. Bxd4 Bxd4 19. Bxc6 Rac8 20. Bb5 Rc7 21. Rfd1 Be5 22. b3 1-0

[Event "POL-chT 2nd League"]
[Site "Jastrzebia Gora"]
[Date "2023.09.02"]
[Round "1.107"]
[White "Strepikowski, Pawel"]
[Black "Lonski, Aleksander"]
[Result "1/2-1/2"]
[WhiteElo "1855"]
[BlackElo "1805"]
[PlyCount "127"]
[EventDate "2023.09.02"]
[EventType "team-swiss"]
[EventRounds "9"]
[EventCountry "POL"]
[SourceTitle "EXT 2024"]
[Source "ChessBase"]
[SourceDate "2023.10.10"]
[SourceVersion "1"]
[SourceVersionDate "2023.10.10"]
[SourceQuality "1"]
[WhiteTeam "Olsztyn Trzydziestka"]
[BlackTeam "Koszalin Hetman Politechnika"]
[WhiteTeamCountry "POL"]
[BlackTeamCountry "POL"]

1. e4 c5 2. Nf3 g6 3. g3 Bg7 4. Bg2 Nc6 5. 0-0 d6 6. d3 e5 7. Nc3 Nge7 8. Nd2 0-0 9. Nc4 Rb8 10. a4 Be6 11. Nd5 f5 12. f4 Bxd5 13. exd5 Na5 14. fxe5 Nxc4 15. dxc4 Bxe5 16. c3 Nc8 17. a5 b6 18. axb6 Nxb6 19. Rxa7 Nxc4 20. Rf2 Ra8 21. Rxa8 Qxa8 22. Qe2 Qa4 23. Bf1 Nb6 24. Be3 Nd7 25. Qb5 Qxb5 26. Bxb5 Nf6 27. Re2 Rb8 28. Bc4 Nd7 29. Kf1 Kg7 30. Ke1 Nb6 31. Bb3 Nd7 32. Ba4 Nb6 33. Bc6 Kf6 34. Kd1 Nc4 35. Bc1 g5 36. Kc2 f4 37. Rf2 Kf5 38. Kd3 Nb6 39. gxf4 c4+ 40. Ke2 Bxf4 41. Bxf4 gxf4 42. Kf3 Rg8 43. Rf1 Rg6 44. Ra1 Rg7 45. Ra6 Nd7 46. Bxd7+ Rxd7 47. Rc6 Re7 48. Rxd6 Re3+ 49. Kf2 Rd3 50. Rc6 Rxd5 51. Rxc4 Rd2+ 52. Kf3 Rd3+ 53. Ke2 Rh3 54. b4 Rxh2+ 55. Kf3 Rh3+ 56. Kg2 Rd3 57. Rc8 Ke6 58. b5 Kd7 59. Rc4 h5 60. b6 Rd2+ 61. Kf3 Rb2 62. Kxf4 Rxb6 63. Rc5 Rc6 64. Rxc6 1/2-1/2

[Event "Lazy Baltic Pearl op-A 19th"]
[Site "Lazy"]
[Date "2023.07.02"]
[Round "7"]
[White "Lonski, Aleksander"]
[Black "Hiszczynski, Jakub"]
[Result "1-0"]
[WhiteElo "1795"]
[BlackElo "1977"]
[PlyCount "61"]
[EventDate "2023.06.26"]
[EventType "swiss"]
[EventRounds "9"]
[EventCountry "POL"]
[SourceTitle "CBM 215 Extra"]
[Source "ChessBase"]
[SourceDate "2023.09.30"]
[SourceVersion "1"]
[SourceVersionDate "2023.09.30"]
[SourceQuality "1"]

1. e4 c5 2. Ne2 Nc6 3. Nbc3 g6 4. g3 Bg7 5. Bg2 e6 6. 0-0 Nge7 7. f4 d6 8. d3 0-0 9. g4 f5 10. h3 Rb8 11. Ng3 Kh8 12. Kh2 Nd4 13. Nce2 b5 14. c3 Nxe2 15. Qxe2 b4 16. Bd2 fxg4 17. hxg4 Nc6 18. g5 bxc3 19. bxc3 Rb2 20. f5 exf5 21. exf5 Re8 22. Qd1 Ne5 23. Bc1 Rb8 24. d4 cxd4 25. cxd4 Nc4 26. fxg6 hxg6 27. Qd3 Be6 28. Qxg6 Bxd4 29. Rf4 Bg7 30. Be4 Ne5 31. Qh7# 1-0

[Event "POL-ch U16"]
[Site "Jastrzebia Gora"]
[Date "2023.??.??"]
[Round "8"]
[White "Jaworski, Tymon"]
[Black "Lonski, Aleksander"]
[Result "1/2-1/2"]
[WhiteElo "1825"]
[BlackElo "1707"]
[PlyCount "110"]
[EventDate "2023.03.11"]
[EventType "swiss"]
[EventRounds "9"]
[EventCountry "POL"]
[SourceTitle "CBM 213 Extra"]
[Source "ChessBase"]
[SourceDate "2023.05.31"]
[SourceVersion "1"]
[SourceVersionDate "2023.05.31"]
[SourceQuality "1"]

1. d4 d5 2. Bf4 Nf6 3. e3 e6 4. Nd2 Bd6 5. Bxd6 Qxd6 6. f4 Nbd7 7. c3 c5 8. Bd3 Rb8 9. Ngf3 b5 10. 0-0 0-0 11. Ne5 b4 12. g4 Ba6 13. g5 Bxd3 14. Nxd3 Ne4 15. Nxe4 dxe4 16. Nf2 bxc3 17. bxc3 Qc6 18. Qe2 f5 19. gxf6 Rxf6 20. Rab1 Rc8 21. Kh1 Rg6 22. Rg1 Rxg1+ 23. Rxg1 Nf6 24. Ng4 Nxg4 25. Qxg4 Qd7 26. d5 Re8 27. c4 Re7 28. Rb1 g6 29. Qg5 exd5 30. cxd5 Kg7 31. f5 Rf7 32. fxg6 hxg6 33. Qe5+ Rf6 34. Qxe4 Qh3 35. Rg1 Qf3+ 36. Qxf3 Rxf3 37. Re1 Rf2 38. Rc1 Rxa2 39. Rxc5 Re2 40. Rc3 Kf6 41. Rd3 Ke7 42. d6+ Kd7 43. Kg1 a5 44. Kf1 Rxh2 45. e4 Rh4 46. Rd4 g5 47. Kf2 a4 48. Rxa4 Kxd6 49. Kf3 Rh3+ 50. Kg4 Re3 51. Kf5 Rf3+ 52. Kxg5 Ke5 53. Kg4 Re3 54. Kg5 Rxe4 55. Rxe4+ Kxe4 1/2-1/2

[Event "POL-ch U16"]
[Site "Jastrzebia Gora"]
[Date "2023.??.??"]
[Round "3"]
[White "Lonski, Aleksander"]
[Black "Pancewicz, Szymon"]
[Result "1-0"]
[WhiteElo "1707"]
[BlackElo "1909"]
[PlyCount "59"]
[EventDate "2023.03.11"]
[EventType "swiss"]
[EventRounds "9"]
[EventCountry "POL"]
[SourceTitle "CBM 213 Extra"]
[Source "ChessBase"]
[SourceDate "2023.05.31"]
[SourceVersion "1"]
[SourceVersionDate "2023.05.31"]
[SourceQuality "1"]

1. e4 c5 2. c4 Nc6 3. Ne2 e6 4. Nbc3 Nge7 5. d4 cxd4 6. Nxd4 Nxd4 7. Qxd4 Nc6 8. Qd1 Be7 9. Be2 0-0 10. 0-0 d6 11. Be3 b6 12. Qd2 Bb7 13. Rad1 Qc8 14. b3 Rd8 15. f4 Bf8 16. Bg4 Rb8 17. Bh3 Kh8 18. f5 Ne5 19. Bd4 Re8 20. fxe6 fxe6 21. Qg5 Qc6 22. Qg3 h6 23. Bg4 Nxg4 24. Qxg4 e5 25. Be3 Qc8 26. Qg6 Rd8 27. Rf7 Rd7 28. Rdf1 Bc6 29. Bxh6 Rxf7 30. Rxf7 1-0